[Event "Rhein Main op 12th"]
[Site "Bad Homburg"]
[Date "2009.06.11"]
[Round "2"]
[White "Ruff, Maximilian"]
[Black "Koenig, Peter"]
[Result "1/2-1/2"]
[WhiteElo "1651"]
[BlackElo "2076"]
[PlyCount "41"]
[EventDate "2009.06.10"]
[EventType "swiss"]
[EventRounds "7"]
[EventCountry "GER"]
[SourceTitle "CBM 131 Extra"]
[Source "ChessBase"]
[SourceDate "2009.09.03"]
[SourceVersion "2"]
[SourceVersionDate "2009.09.16"]
[SourceQuality "1"]

1. e4 c5 2. c3 Qa5 3. Nf3 Nc6 4. Be2 Nf6 5. Qc2 d6 6. 0-0 g6 7. a3 Bg7 8. d4 0-0 9. d5 Nb8 10. Bd2 Bg4 11. h3 Bxf3 12. Bxf3 c4 13. Be2 Rc8 14. Be3 Nbd7 15. Nd2 b5 16. Nf3 Qc7 17. Nd4 Qb7 18. Nc6 Nb8 19. Nd4 Nbd7 20. Nc6 Nb8 21. Nd4 1/2-1/2

[Event "Karl Mala Memorial op 11th"]
[Site "Frankfurt"]
[Date "2008.06.28"]
[Round "5"]
[White "Koenig, Peter"]
[Black "Ruehrmund, Daniel"]
[Result "1/2-1/2"]
[WhiteElo "2088"]
[BlackElo "1807"]
[PlyCount "60"]
[EventDate "2008.06.26"]
[EventType "swiss"]
[EventRounds "7"]
[EventCountry "GER"]
[SourceTitle "CBM 125 Extra"]
[Source "ChessBase"]
[SourceDate "2008.09.01"]
[SourceVersion "1"]
[SourceVersionDate "2008.09.01"]
[SourceQuality "1"]

1. e4 c5 2. Nf3 e6 3. b3 Qc7 4. Bb2 d6 5. Nc3 a6 6. g3 Nd7 7. Bg2 b5 8. 0-0 Bb7 9. d3 Ngf6 10. a4 b4 11. Nb1 g6 12. Nbd2 Bg7 13. Qe2 Nh5 14. Bxg7 Nxg7 15. Rae1 0-0 16. Ng5 h6 17. Nh3 e5 18. f4 Ne6 19. f5 Nd4 20. Qg4 Nf6 21. Qh4 Kg7 22. g4 Qd8 23. Rf2 Nxc2 24. Ref1 Ne3 25. g5 hxg5 26. Nxg5 Rh8 27. Qg3 Nxf1 28. Ne6+ Kg8 29. Nxf1 Qe7 30. Ng5 Rh6 1/2-1/2

[Event "Berlin op 05"]
[Site "Berlin"]
[Date "2006.05.27"]
[Round "6"]
[White "Koenig, Peter"]
[Black "Jaeschke, Jens Uwe"]
[Result "0-1"]
[WhiteElo "1955"]
[BlackElo "2096"]
[PlyCount "94"]
[EventDate "2006.05.24"]
[EventType "swiss"]
[EventRounds "7"]
[EventCountry "GER"]
[SourceTitle "EXT 2007"]
[Source "ChessBase"]
[SourceDate "2006.11.23"]
[SourceVersion "1"]
[SourceVersionDate "2006.11.23"]
[SourceQuality "1"]

1. e4 d5 2. exd5 Qxd5 3. Nf3 Bg4 4. Be2 Nc6 5. Nc3 Qd7 6. 0-0 e5 7. d3 0-0-0 8. Be3 f5 9. a3 Nf6 10. b4 Bd6 11. Nb5 Kb8 12. Nxd6 cxd6 13. b5 Ne7 14. c4 f4 15. Bd2 g5 16. Bc3 Bxf3 17. Bxf3 g4 18. Be4 f3 19. Rb1 Nxe4 20. dxe4 fxg2 21. Re1 Ng6 22. Re3 Rhf8 23. Rd3 Nh4 24. c5 Qf7 25. Rb2 Nf3+ 26. Kxg2 Qh5 27. Kf1 Nxh2+ 28. Ke1 Nf3+ 29. Ke2 Nd4+ 30. Bxd4 exd4 31. Rg3 dxc5 32. Kd3 Qf7 33. Qa4 b6 34. Re2 h5 35. Qc4 Qxc4+ 36. Kxc4 Kc7 37. e5 Kd7 38. e6+ Ke7 39. Re5 Rf3 40. Rxf3 gxf3 41. Kd3 c4+ 42. Kd2 Rh8 43. Re4 h4 44. Rxd4 h3 45. Rxc4 h2 46. Rc1 h1Q 47. Rxh1 Rxh1 0-1

[Event "Berlin op 05"]
[Site "Berlin"]
[Date "2006.05.24"]
[Round "1"]
[White "Hiller, Carsten"]
[Black "Koenig, Peter"]
[Result "0-1"]
[WhiteElo "1420"]
[BlackElo "1955"]
[PlyCount "86"]
[EventDate "2006.05.24"]
[EventType "swiss"]
[EventRounds "7"]
[EventCountry "GER"]
[SourceTitle "EXT 2007"]
[Source "ChessBase"]
[SourceDate "2006.11.23"]
[SourceVersion "1"]
[SourceVersionDate "2006.11.23"]
[SourceQuality "1"]

1. d4 Nf6 2. c4 g6 3. Nc3 Bg7 4. e4 d6 5. f4 0-0 6. Nf3 Bg4 7. Be2 c5 8. d5 Nbd7 9. 0-0 Qc7 10. Rb1 a6 11. Ng5 Bxe2 12. Qxe2 Rae8 13. Bd2 h6 14. Nf3 e6 15. Qf2 exd5 16. exd5 Ne4 17. Nxe4 Rxe4 18. b3 Nf6 19. Rfe1 Rfe8 20. Rxe4 Nxe4 21. Qf1 Nxd2 22. Nxd2 Qa5 23. Re1 Bd4+ 24. Kh1 Rxe1 25. Qxe1 Qxa2 26. Qd1 f5 27. h3 Qa1 28. Qxa1 Bxa1 29. Nf3 Kf7 30. Kg1 b5 31. cxb5 axb5 32. Nd2 Bd4+ 33. Kf1 Be3 34. Nf3 Bxf4 35. Ke2 Kf6 36. Kd3 g5 37. g4 Kg6 38. Ke2 h5 39. gxh5+ Kxh5 40. Kf2 Kg6 41. Ng1 Kf6 42. Nf3 g4 43. hxg4 fxg4 0-1

[Event "Berlin Unicorn op"]
[Site "Berlin"]
[Date "2005.05.07"]
[Round "5"]
[White "Koenig, Peter"]
[Black "Duester, Christian"]
[Result "1/2-1/2"]
[WhiteElo "2078"]
[BlackElo "2196"]
[PlyCount "50"]
[EventDate "2005.05.04"]
[EventType "swiss"]
[EventRounds "7"]
[EventCountry "GER"]
[SourceTitle "CBM 106 Extra"]
[Source "ChessBase"]
[SourceDate "2005.07.01"]
[SourceVersion "1"]
[SourceVersionDate "2005.07.01"]
[SourceQuality "1"]

1. e4 e5 2. Nf3 Nc6 3. Bb5 f5 4. d3 fxe4 5. dxe4 Nf6 6. 0-0 Bc5 7. Qe2 d6 8. Qc4 Qe7 9. Nc3 Bd7 10. Nd5 Nxd5 11. exd5 Nd4 12. Bxd7+ Qxd7 13. Nxd4 Bxd4 14. c3 Bb6 15. Be3 0-0 16. a4 Rf7 17. a5 Bxe3 18. fxe3 Raf8 19. Rxf7 Qxf7 20. Rf1 Qxf1+ 21. Qxf1 Rxf1+ 22. Kxf1 Kf7 23. Ke2 e4 24. Kd2 Kf6 25. c4 Ke5 1/2-1/2

[Event "Berlin Unicorn op"]
[Site "Berlin"]
[Date "2005.05.05"]
[Round "2"]
[White "Moehring, Guenther"]
[Black "Koenig, Peter"]
[Result "1-0"]
[WhiteElo "2313"]
[BlackElo "2078"]
[PlyCount "73"]
[EventDate "2005.05.04"]
[EventType "swiss"]
[EventRounds "7"]
[EventCountry "GER"]
[SourceTitle "CBM 106 Extra"]
[Source "ChessBase"]
[SourceDate "2005.07.01"]
[SourceVersion "1"]
[SourceVersionDate "2005.07.01"]
[SourceQuality "1"]

1. d4 Nf6 2. c4 c5 3. d5 e6 4. Nc3 exd5 5. cxd5 d6 6. e4 g6 7. f4 Bg7 8. e5 Nfd7 9. Nb5 dxe5 10. Nd6+ Ke7 11. Nxc8+ Qxc8 12. Nf3 Re8 13. fxe5 Kf8 14. Be2 Nxe5 15. Nxe5 Bxe5 16. 0-0 Bd4+ 17. Kh1 Nd7 18. Bh6+ Kg8 19. Rb1 Qd8 20. b4 Be5 21. Bf4 Bxf4 22. Rxf4 cxb4 23. Rfxb4 Nb6 24. Bf3 Qd6 25. a4 Re5 26. a5 Rae8 27. Qd2 Nxd5 28. h3 Qc5 29. Rxb7 Nf6 30. a6 Kg7 31. Rc1 Qxc1+ 32. Qxc1 Re1+ 33. Qxe1 Rxe1+ 34. Kh2 h5 35. Rxa7 h4 36. Rc7 Ra1 37. a7 1-0

[Event "Berlin op 03"]
[Site "Berlin"]
[Date "2005.03.30"]
[Round "5"]
[White "Koenig, Peter"]
[Black "Bader, Arnd"]
[Result "1-0"]
[WhiteElo "1982"]
[BlackElo "1822"]
[PlyCount "67"]
[EventDate "2005.03.25"]
[EventType "swiss"]
[EventRounds "9"]
[EventCountry "GER"]
[SourceTitle "EXT 2007"]
[Source "ChessBase"]
[SourceDate "2006.11.23"]
[SourceVersion "1"]
[SourceVersionDate "2006.11.23"]
[SourceQuality "1"]

1. e4 e6 2. d4 d5 3. e5 c5 4. c3 Nc6 5. Nf3 Qb6 6. Be2 cxd4 7. cxd4 Nge7 8. Na3 Nf5 9. Nc2 Be7 10. 0-0 Bd7 11. Rb1 Rc8 12. g4 Nh4 13. Nxh4 Bxh4 14. Be3 Nb4 15. Nxb4 Qxb4 16. Bd3 Bd8 17. a3 Qe7 18. f4 Bb6 19. Qf3 f6 20. Qh3 Ba4 21. Rbc1 Kd8 22. Qh5 g6 23. Bxg6 f5 24. gxf5 Qg7 25. Qg5+ Qe7 26. f6 Qf8 27. f7+ Kd7 28. f5 Rc6 29. Rxc6 Kxc6 30. Qf6 hxg6 31. fxe6 Kb5 32. e7 Qc8 33. e6 Qb8 34. Qxh8 1-0

[Event "Berlin op 03"]
[Site "Berlin"]
[Date "2005.03.28"]
[Round "3"]
[White "Koenig, Peter"]
[Black "Apel, Wolfgang"]
[Result "1-0"]
[WhiteElo "1982"]
[BlackElo "1756"]
[PlyCount "77"]
[EventDate "2005.03.25"]
[EventType "swiss"]
[EventRounds "9"]
[EventCountry "GER"]
[SourceTitle "EXT 2007"]
[Source "ChessBase"]
[SourceDate "2006.11.23"]
[SourceVersion "1"]
[SourceVersionDate "2006.11.23"]
[SourceQuality "1"]

1. e4 c5 2. Nf3 Nc6 3. Nc3 g6 4. d4 cxd4 5. Nxd4 Bg7 6. Be3 d6 7. Qd2 a6 8. 0-0-0 Bd7 9. f3 Rc8 10. h4 h5 11. Kb1 Nf6 12. Be2 b5 13. Nxc6 Bxc6 14. Rhe1 Bb7 15. Nd5 Bxd5 16. exd5 0-0 17. Bh6 Rc5 18. Bxg7 Kxg7 19. Qg5 e6 20. g4 Nxd5 21. Qd2 hxg4 22. fxg4 a5 23. g5 a4 24. Bf3 Qc7 25. Qd4+ e5 26. Qd2 Nb6 27. Qxd6 Qxd6 28. Rxd6 Nc4 29. Rd7 Rfc8 30. Bd5 Nb6 31. Rxf7+ Kh8 32. Be6 Re8 33. Ref1 Nc4 34. Rf8+ Rxf8 35. Rxf8+ Kh7 36. Rf7+ Kh8 37. h5 Nd6 38. Re7 Ne4 39. hxg6 1-0

[Event "Berlin op 03"]
[Site "Berlin"]
[Date "2005.03.27"]
[Round "2"]
[White "Muratovic, Rafet"]
[Black "Koenig, Peter"]
[Result "0-1"]
[WhiteElo "1731"]
[BlackElo "1982"]
[PlyCount "120"]
[EventDate "2005.03.25"]
[EventType "swiss"]
[EventRounds "9"]
[EventCountry "GER"]
[SourceTitle "EXT 2007"]
[Source "ChessBase"]
[SourceDate "2006.11.23"]
[SourceVersion "1"]
[SourceVersionDate "2006.11.23"]
[SourceQuality "1"]

1. e4 c5 2. Nf3 d6 3. d4 cxd4 4. Nxd4 Nf6 5. Nc3 g6 6. Be2 Bg7 7. Be3 0-0 8. 0-0 Nc6 9. Qd2 Bd7 10. Rad1 a6 11. f3 Qc7 12. a3 Rac8 13. Nxc6 Bxc6 14. Nd5 Bxd5 15. exd5 Qxc2 16. Rf2 Nd7 17. Bd3 Qxd2 18. Rfxd2 Ne5 19. Bd4 Nxd3 20. Rxd3 Rc7 21. b4 Rfc8 22. Re1 Kf8 23. h3 b5 24. Kh2 h6 25. Be3 Rc3 26. Red1 g5 27. Bf2 Rxd3 28. Rxd3 Rc3 29. Rxc3 Bxc3 30. h4 Bb2 31. hxg5 hxg5 32. Be3 f6 33. Bd2 Bxa3 34. Kh3 Kf7 35. Kg4 Kg6 36. Bc3 Bc1 37. g3 Be3 38. Kh3 Kf7 39. Kg4 e6 40. f4 gxf4 41. gxf4 exd5 42. f5 d4 43. Bb2 d3 44. Kf3 d2 45. Ke2 Bg5 46. Bc3 Ke8 47. Bxd2 Bxd2 48. Kxd2 Kd7 49. Ke3 a5 50. bxa5 d5 51. Kd4 b4 52. a6 Kc6 53. a7 Kb7 54. Kxd5 b3 55. Ke6 b2 56. Kxf6 b1Q 57. Ke6 Qe4+ 58. Kf6 Kxa7 59. Kg5 Kb7 60. f6 Qe8 0-1

[Event "Berlin-ch Seniors op 21st"]
[Site "Berlin"]
[Date "2005.02.01"]
[Round "5"]
[White "Koenig, Peter"]
[Black "Barwich, Alfred"]
[Result "1-0"]
[WhiteElo "1982"]
[BlackElo "1980"]
[PlyCount "113"]
[EventDate "2005.01.28"]
[EventType "swiss"]
[EventRounds "9"]
[EventCountry "GER"]
[SourceTitle "EXT 2007"]
[Source "ChessBase"]
[SourceDate "2006.11.23"]
[SourceVersion "1"]
[SourceVersionDate "2006.11.23"]
[SourceQuality "1"]

1. e4 e5 2. Nf3 Nf6 3. Nxe5 Qe7 4. Nf3 Nxe4 5. Be2 d5 6. 0-0 Qd6 7. d3 Nc5 8. d4 Ne6 9. c4 c6 10. Nc3 dxc4 11. Bxc4 Be7 12. Be3 0-0 13. Ne4 Qb4 14. Qc2 Qa5 15. a3 Qd8 16. Rad1 Nc7 17. Neg5 g6 18. h4 Nd5 19. Ne5 Nd7 20. Ngf3 Nxe5 21. dxe5 Bxh4 22. Bh6 Re8 23. Qe4 Bf6 24. Bxd5 cxd5 25. Rxd5 Qe7 26. Qf4 Bg7 27. Bg5 Qf8 28. Rfd1 Be6 29. Rd6 Rac8 30. Re1 Rc2 31. Red1 Rcc8 32. R1d4 b5 33. Nd2 Bf5 34. Nf3 Be6 35. Nd2 Bf5 36. Nf3 Rb8 37. b4 Be6 38. g4 Rbc8 39. Kg2 Rc4 40. Kg3 Rxd4 41. Qxd4 Bc4 42. Bf4 Ra8 43. g5 Qc8 44. Nd2 Bf8 45. Ne4 Be6 46. Nf6+ Kg7 47. Be3 Qc4 48. Qd1 h5 49. gxh6+ Kh8 50. Rd8 Qc6 51. Qd6 Qxd6 52. Rxd6 Bxd6 53. exd6 Rd8 54. Bf4 Rc8 55. Be5 Rc1 56. d7 Rd1 57. Nd5+ 1-0

[Event "EU-ch Seniors 05th"]
[Site "Bad Homburg"]
[Date "2005.??.??"]
[Round "4"]
[White "Koenig, Peter"]
[Black "Sotter Klundt, Gerlinde"]
[Result "1/2-1/2"]
[WhiteElo "2078"]
[BlackElo "1896"]
[PlyCount "109"]
[EventDate "2005.06.25"]
[EventType "swiss"]
[EventRounds "9"]
[EventCountry "GER"]
[SourceTitle "EXT 2006"]
[Source "ChessBase"]
[SourceDate "2005.11.24"]
[SourceVersion "1"]
[SourceVersionDate "2005.11.24"]
[SourceQuality "1"]

1. e4 e5 2. Bc4 Nf6 3. d3 Bc5 4. Nf3 d6 5. Bg5 0-0 6. Nc3 Bg4 7. h3 Be6 8. Qe2 Bxc4 9. dxc4 Bb4 10. Bd2 Bxc3 11. Bxc3 Nbd7 12. b4 Re8 13. g4 Nf8 14. 0-0-0 N6d7 15. Nd2 Ne6 16. Nf1 Qe7 17. Ne3 Nf4 18. Qf3 Qf6 19. Nf5 Ng6 20. h4 Qe6 21. h5 Nf4 22. Nxg7 Kxg7 23. Qxf4 f6 24. Qf5 Qxf5 25. gxf5 Rg8 26. c5 Rac8 27. Kb2 Kf7 28. Kb3 Ke7 29. Kc4 a6 30. Rhg1 Rxg1 31. Rxg1 Kf7 32. h6 Rg8 33. Rxg8 Kxg8 34. Kd5 Kf7 35. cxd6 c6+ 36. Kc4 b5+ 37. Kd3 Nb6 38. Bd2 Nc4 39. f4 Nxd6 40. fxe5 fxe5 41. Be3 Kf6 42. Bc5 Nf7 43. Bf8 Kg5 44. Bg7 Kf4 45. c3 Ng5 46. c4 Nxe4 47. cxb5 axb5 48. f6 Nd6 49. a3 Kf5 50. Kc2 Ke6 51. Kb3 Ne4 52. f7 Kxf7 53. Bxe5 Ke6 54. Bf4 Kd5 55. Be3 1/2-1/2

[Event "EU-ch Seniors 05th"]
[Site "Bad Homburg"]
[Date "2005.??.??"]
[Round "2"]
[White "Koenig, Peter"]
[Black "Staller, Peter"]
[Result "1/2-1/2"]
[WhiteElo "2078"]
[BlackElo "2284"]
[PlyCount "89"]
[EventDate "2005.06.25"]
[EventType "swiss"]
[EventRounds "9"]
[EventCountry "GER"]
[SourceTitle "EXT 2006"]
[Source "ChessBase"]
[SourceDate "2005.11.24"]
[SourceVersion "1"]
[SourceVersionDate "2005.11.24"]
[SourceQuality "1"]

1. e4 e6 2. d4 d5 3. e5 c5 4. c3 Nc6 5. Nf3 Bd7 6. Be2 Nge7 7. 0-0 cxd4 8. cxd4 Nf5 9. Na3 Qb6 10. Nc2 h5 11. Rb1 Nb4 12. Nxb4 Bxb4 13. Be3 Be7 14. Qd2 g6 15. b4 a6 16. Rfc1 Nxe3 17. Qxe3 Kf8 18. Ne1 Kg7 19. Nd3 Rac8 20. Nc5 Bb5 21. a4 Bxe2 22. Qxe2 a5 23. bxa5 Qxa5 24. Qb5 Qa7 25. Qd7 Bxc5 26. Rxb7 Be7 27. Rxc8 Rxc8 28. Qxc8 Qxa4 29. Qc1 Bg5 30. Qe1 Qxd4 31. g3 Qd3 32. h4 Bd8 33. Qb1 Qe2 34. Qb2 Qf3 35. Qc3 Qf5 36. Qe3 Ba5 37. Kg2 Kg8 38. Qf4 Qxf4 39. gxf4 Bd2 40. Kf3 Kg7 41. Ra7 Kf8 42. Ra4 Kg7 43. Ke2 Bc3 44. Kd3 Be1 45. Ke2 1/2-1/2

[Event "EU-ch Seniors 05th"]
[Site "Bad Homburg"]
[Date "2005.??.??"]
[Round "3"]
[White "Vagner, Grigorij"]
[Black "Koenig, Peter"]
[Result "1-0"]
[WhiteElo "2244"]
[BlackElo "2078"]
[PlyCount "43"]
[EventDate "2005.06.25"]
[EventType "swiss"]
[EventRounds "9"]
[EventCountry "GER"]
[SourceTitle "EXT 2006"]
[Source "ChessBase"]
[SourceDate "2005.11.24"]
[SourceVersion "1"]
[SourceVersionDate "2005.11.24"]
[SourceQuality "1"]

1. d4 Nf6 2. c4 c5 3. Nf3 cxd4 4. Nxd4 Nc6 5. Nc3 g6 6. e4 Bg7 7. Be3 0-0 8. Be2 d6 9. 0-0 Bd7 10. Rc1 a6 11. f3 Nxd4 12. Bxd4 Bc6 13. Qd2 Re8 14. Rfd1 Qa5 15. a3 Qh5 16. Be3 Rab8 17. Nd5 Nxd5 18. cxd5 Ba4 19. f4 Qh4 20. Bf2 Qh6 21. Re1 Rbc8 22. Bg4 1-0

[Event "Berlin Lichtenberger Sommer 3th"]
[Site "Berlin"]
[Date "2004.08.19"]
[Round "6.27"]
[White "Lehmann, Karl Heinz"]
[Black "Koenig, Peter"]
[Result "1/2-1/2"]
[WhiteElo "2072"]
[BlackElo "1961"]
[PlyCount "43"]
[EventDate "2004.08.14"]
[EventType "swiss"]
[EventRounds "9"]
[EventCountry "GER"]
[SourceTitle "EXT 2022"]
[Source "ChessBase"]
[SourceDate "2021.10.06"]
[SourceVersion "1"]
[SourceVersionDate "2021.10.06"]
[SourceQuality "1"]

1. d4 Nf6 2. Nf3 g6 3. g3 Bg7 4. Bg2 0-0 5. 0-0 d6 6. c4 Na6 7. Nc3 c5 8. e4 cxd4 9. Nxd4 Nc5 10. h3 a6 11. Be3 Qc7 12. Rc1 Qb8 13. b4 Ne6 14. Nd5 Nxd5 15. cxd5 Nxd4 16. Bxd4 Bxd4 17. Qxd4 Bd7 18. Qb6 Rc8 19. Rfe1 Kf8 20. Kh2 Rxc1 21. Rxc1 Qa7 22. Qxa7 1/2-1/2

[Event "Berlin Lichtenberger Sommer 3th"]
[Site "Berlin"]
[Date "2004.08.17"]
[Round "4.20"]
[White "Figura, Atila Gajo"]
[Black "Koenig, Peter"]
[Result "1-0"]
[WhiteElo "2164"]
[BlackElo "1961"]
[PlyCount "91"]
[EventDate "2004.08.14"]
[EventType "swiss"]
[EventRounds "9"]
[EventCountry "GER"]
[SourceTitle "EXT 2022"]
[Source "ChessBase"]
[SourceDate "2021.10.06"]
[SourceVersion "1"]
[SourceVersionDate "2021.10.06"]
[SourceQuality "1"]

1. d4 Nf6 2. c4 c5 3. d5 d6 4. Nc3 e6 5. e4 exd5 6. exd5 Be7 7. Nf3 0-0 8. Be2 Bg4 9. 0-0 Nbd7 10. h3 Bxf3 11. Bxf3 Re8 12. Bf4 a6 13. a4 b6 14. g4 Nf8 15. Bg3 Ng6 16. Bg2 Bf8 17. g5 Nd7 18. h4 Nge5 19. b3 f5 20. Bh3 g6 21. f4 Nf7 22. Qd3 Bg7 23. Bf2 Nf8 24. Rac1 Qc7 25. h5 Re7 26. Kh1 Rae8 27. Bg2 Nd8 28. Bf3 Nb7 29. Ne2 Qd7 30. Ng3 Nd8 31. Rg1 Nf7 32. Bg2 Nd8 33. Bh3 Rf7 34. b4 Nb7 35. Rb1 Qxa4 36. h6 Bh8 37. Nxf5 Qa2 38. Rbe1 Rxe1 39. Bxe1 gxf5 40. Bxf5 Bd4 41. Rg2 Qa1 42. Re2 Qc1 43. Be6 Qxf4 44. Bxf7+ Qxf7 45. Qh3 Ng6 46. Bd2 1-0

[Event "Berlin Lichtenberger Sommer 3th"]
[Site "Berlin"]
[Date "2004.08.15"]
[Round "2.15"]
[White "Nogly, Christoph"]
[Black "Koenig, Peter"]
[Result "1-0"]
[WhiteElo "2197"]
[BlackElo "1961"]
[PlyCount "72"]
[EventDate "2004.08.14"]
[EventType "swiss"]
[EventRounds "9"]
[EventCountry "GER"]
[SourceTitle "EXT 2022"]
[Source "ChessBase"]
[SourceDate "2021.10.06"]
[SourceVersion "1"]
[SourceVersionDate "2021.10.06"]
[SourceQuality "1"]

1. d4 Nf6 2. c4 g6 3. Nc3 Bg7 4. e4 d6 5. Bd3 0-0 6. Nge2 e5 7. d5 Nbd7 8. f3 Nc5 9. Bc2 a5 10. Bg5 Bd7 11. 0-0 Qe8 12. Rb1 b6 13. b3 Nh5 14. Qd2 f6 15. Be3 f5 16. exf5 gxf5 17. f4 Qe7 18. Rbe1 Rae8 19. g3 Kh8 20. Kh1 Bc8 21. a3 exf4 22. Nxf4 Nxf4 23. Bxf4 Qf7 24. Bh6 Rxe1 25. Bxg7+ Qxg7 26. Qxe1 Nd7 27. Bxf5 Nc5 28. Bxc8 Rxc8 29. b4 axb4 30. axb4 Nd3 31. Qe6 Rf8 32. Rxf8+ Qxf8 33. Qe2 Nxb4 34. Nb5 Na6 35. Kg2 Qf6 36. Qg4 h6 1-0

[Event "Berlin Kreuzberg op 5th"]
[Site "Berlin"]
[Date "2004.06.30"]
[Round "5"]
[White "Koenig, Peter"]
[Black "Wendt, Jan Dietrich"]
[Result "0-1"]
[WhiteElo "2103"]
[BlackElo "2304"]
[PlyCount "140"]
[EventDate "2004.06.26"]
[EventType "swiss"]
[EventRounds "9"]
[EventCountry "GER"]
[SourceTitle "EXT 2022"]
[Source "ChessBase"]
[SourceDate "2021.10.06"]
[SourceVersion "1"]
[SourceVersionDate "2021.10.06"]
[SourceQuality "1"]

1. e4 c5 2. Nf3 e6 3. b3 b6 4. Bb2 Bb7 5. d3 d6 6. Be2 Nf6 7. 0-0 Be7 8. Nbd2 Nbd7 9. Re1 Qc7 10. Bf1 0-0 11. Qe2 Rad8 12. g3 Rfe8 13. Bg2 Bc6 14. a4 a6 15. Nc4 e5 16. Bc3 Bf8 17. Qd2 g6 18. Re2 Bg7 19. Rae1 Nf8 20. a5 b5 21. Nb6 Ne6 22. Qc1 Qb7 23. Qa1 Nd7 24. Nd5 Nc7 25. Nxc7 Qxc7 26. Bb2 Qb7 27. Nd2 Nf8 28. Bh3 Ne6 29. Nf3 f6 30. Bg2 d5 31. Nd2 d4 32. Rf1 Bh6 33. Bc1 Qg7 34. Nf3 Rf8 35. Bxh6 Qxh6 36. Qc1 Qxc1 37. Rxc1 Be8 38. Nd2 Bf7 39. Rf1 g5 40. h3 Rc8 41. Kh2 Rc7 42. f3 h5 43. Ref2 Kg7 44. Rb1 Re8 45. Rbf1 Rh8 46. Ra1 h4 47. g4 Nd8 48. Bf1 Nb7 49. Be2 Nd6 50. Rff1 Rb8 51. Rfb1 Kf8 52. Ra2 Ke7 53. Kg2 Kd7 54. Kf2 Rcb7 55. Ke1 Kc6 56. Kd1 c4 57. bxc4 bxc4 58. Rxb7 Rxb7 59. dxc4 Rb4 60. Ra3 Nb7 61. c3 dxc3 62. Rxc3 Ra4 63. Nb1 Rxa5 64. Na3 Kc5 65. Kc2 Ra4 66. Rb3 Rb4 67. Kc3 Rxb3+ 68. Kxb3 Na5+ 69. Kc3 Nc6 70. Nc2 Nd4 0-1